000 00425nam a2200169 i 4500
001 bg
100 1 _aDÜRR, A.
245 0 _aHydraulik in Werkzeugmaschinen :
_bhydraulische und elektrohydraulische Antriebe /
_cA. Dürr.
250 _a6 Aufl.
260 _aMünchen,
_c1968.
700 1 _aWACHTER, O.
040 _cBPK
041 _apol
080 _a621.22
942 _cKS
008 s pl f |000 0 pol
999 _c12056
_d12056
856 _uhttp://koha.tu.koszalin.pl/cgi-bin/koha/opac-detail.pl?biblionumber=12056
_yKatalog online BPK